000 00293nam a22001337a 4500
008 181011b xxu||||| |||| 00| 0 eng d
020 _a9780205341887
041 _aeng
080 _23rd
_a159.9
100 _a48
101 _aPSI
245 _aLifespan Development
_cBee,H
942 _2udc
_cBK
999 _c49330
_d49330